Vista normal
Vista MARC
- Convención Internacional sobre los Derechos de las Personas con Discapacidad
Entrada Título uniforme
Número de registros utilizados en: 1
001 - NÚMERO DE CONTROL
- campo de control: 287
003 - IDENTIFICADOR DEL NÚMERO DE CONTROL
- campo de control: ES-MaFIAP
005 - FECHA Y HORA DE LA ÚLTIMA TRANSACCIÓN
- campo de control: 20220920164330.0
008 - DATOS DE LONGITUD FIJA
- campo de control de longitud fija: 220920|| aca||aabn | a|a d
040 ## - FUENTE DE LA CATALOGACIÓN
- Centro catalogador/agencia de origen: ES-MaFIAP
- Centro/agencia transcriptor: ES-MaFIAP
130 ## - ENCABEZAMIENTO--TÍTULO UNIFORME
- Título uniforme: Convención Internacional sobre los Derechos de las Personas con Discapacidad
670 ## - FUENTE DE DATOS ENCONTRADOS
- Cita de la fuente: Work cat.: (ES-MaFIAP)90: 254 Lorenzo García, Rafael de 1952-, Derecho y discapacidad [Texto impreso] :, 2012





